000 00960nam a2200265Ia 4500
003 OSt
005 20220923222233.0
006 a|||||r|||| 00| 0
007 ta
008 Pun
024 _a203,898
037 _cTextual
040 _aARTS
_cARTS
_bPun
041 _2Pun
_aPun
082 _aO153,2N17x, 152K4
100 _aदुग्गल, कर्तार सिंह
245 0 _aप्रतिनिधि रचनाएॅं
246 _aPratinidhi rachanāeॅan
260 _aकलकता
_b भारतीय ज्ञानपीठ
_c1964
300 _a263पृ0
_ccm.
490 _aराष्ट्रभारती ग्रंथमाला; 4. ज्ञानपीठ लोकेादय ग्रंथमाला; 190
650 _aपंजाबी निबंध
942 _hO153,2N17x, 152K4
_cTEXL
_2CC
999 _c354648
_d354648